[Event "9th RTU Open 2019"]
[Site "Riga"]
[Date "2019.08.05"]
[Round "1.21"]
[White "Thybo, Jesper Sondergaard"]
[Black "Jacobs, Florian"]
[Result "1-0"]
[WhiteElo "2528"]
[BlackElo "2203"]
[Annotator "TA"]
[PlyCount "81"]
[EventDate "2019.08.05"]
[EventType "swiss"]
[EventCountry "LAT"]
[SourceTitle "playchess.com"]
[Source "ChessBase"]
[SourceQuality "1"]

{[%evp 9,80,-2,17,8,32,38,47,30,51,53,43,47,59,47,69,58,50,44,45,40,67,39,69,70,93,83,77,60,112,111,108,109,113,125,111,109,108,95,149,143,143,69,122,118,125,86,340,356,398,340,342,332,381,349,346,354,337,326,955,954,954,708,750,627,700,675,3114,2410,29979,29980,29971,29972,29999]} 1. d4 Nf6 2. c4 e6 3. Nf3 d5 4. g3 Bb4+ 5. Bd2 Bd6 (5... Be7 6. Bg2 O-O 7. O-O Nbd7 8. Qc2 c6 9. Rc1 b6 10. cxd5 cxd5 11. Qd1 Bb7 12. a3 a6 13. Bf4 Rc8 14. Nbd2 Rxc1 15. Rxc1 Qa8 16. Ne5 Nxe5 17. Bxe5 {½-½ (41) Mamedyarov,S (2790)-Radjabov,T (2756) Shamkir 2019}) 6. Nc3 {E01: Catalan: Early deviations} c6 7. Qc2 Nbd7 8. e4 {White is slightly better.} Nxe4 9. Nxe4 dxe4 10. Qxe4 Nf6 11. Qc2 b6 $146 ({Predecessor:} 11... O-O 12. Bg2 b6 {0-1 (67) Sebenik,M (2534)-Swayams,M (2491) chess.com INT 2017}) 12. Bg2 Bb7 13. O-O O-O 14. Bc3 Qc7 15. Rfe1 Rad8 16. b4 {[%cal Bb2b4,Bb4b5][%mdl 32]} h6 17. a4 Rfe8 18. Ne5 c5 (18... Nd7 $14) 19. dxc5 $1 $16 bxc5 {[#]} 20. b5 $1 Bxg2 21. Kxg2 Bxe5 22. Bxe5 Qb7+ 23. Kg1 h5 ({Black should play} 23... Nh7) 24. Bxf6 gxf6 {[#]} 25. Re4 ({White should try} 25. Qe2 $1 $16) 25... Rd2 (25... Kg7 $14) 26. Qxd2 Qxe4 {[%mdl 4096] Endgame KQR-KQR} 27. Qf4 Qc2 $2 {[%mdl 8192]} (27... Qxf4 $16 28. gxf4 Kf8) 28. Qxf6 $18 Qxc4 29. Qg5+ Kf8 30. Rc1 ({Weaker is} 30. Qxh5 Rd8 $16) 30... Qxa4 31. Qxc5+ Kg8 32. Qg5+ Kf8 33. Qh6+ ({Not} 33. Qxh5 Rd8 $18) 33... Ke7 $2 (33... Kg8 34. Qxh5 Qe4) 34. Rc7+ Kd6 35. Rxf7 {Threatening mate with Qd2+.} Qd1+ 36. Kg2 Qd5+ 37. Kh3 Qd4 38. Qc1 {Intending Qc7+ and mate.} Qg4+ 39. Kg2 {White mates.} Qe4+ 40. f3 Qd5 41. Qc7# {Accuracy: White = 76%, Black = 27%.} 1-0

[Event "9th RTU Open 2019"]
[Site "Riga"]
[Date "2019.08.05"]
[Round "1.22"]
[White "Player, Edmund C"]
[Black "Stany, G.A."]
[Result "1/2-1/2"]
[WhiteElo "2202"]
[BlackElo "2525"]
[Annotator "TA"]
[PlyCount "78"]
[EventDate "2019.08.05"]
[EventType "swiss"]
[EventCountry "LAT"]
[SourceTitle "playchess.com"]
[Source "ChessBase"]
[SourceQuality "1"]

{[%evp 9,78,43,43,52,57,46,70,53,70,81,82,22,12,12,23,11,16,1,1,8,9,11,19,7,9,2,7,16,13,27,29,31,36,30,46,69,89,74,79,87,84,22,106,109,103,98,104,87,159,146,147,8,8,0,0,0,0,0,0,0,0,0,0,0,0,0,8,8,8,0,8]} 1. e4 g6 2. d4 Bg7 3. Nc3 d6 4. Be3 a6 5. Qd2 Nd7 6. h4 {B06: Modern Defence} h6 7. O-O-O b5 8. f3 {White is slightly better.} (8. Kb1 Bb7 9. f3 Ngf6 10. Nge2 b4 11. Na4 a5 12. Ng3 h5 13. b3 Bc6 {1-0 (60) Fedorchuk,S (2648)-Almasi,Z (2682) Riadh 2017}) 8... Nb6 9. Bd3 c6 10. e5 $146 (10. Nge2 $16) ({Predecessor:} 10. Kb1 Nc4 11. Bxc4 bxc4 12. Nge2 Rb8 13. Qe1 {½-½ (83) Lazaro Pujol,A (1979)-Parals Marce,L (2071) Barcelona 2018}) 10... dxe5 $11 11. dxe5 Bxe5 {[#]} 12. Be4 $1 {[%csl Gd1][%cal Rd2d8][%mdl 512]} Qxd2+ 13. Rxd2 Rb8 $1 14. Bxc6+ Bd7 15. Bxd7+ Nxd7 16. Nge2 Ngf6 17. Rhd1 $36 {[%mdl 2048] White is more active.} e6 18. a3 Bc7 19. Kb1 Rc8 20. Nc1 Be5 21. N1a2 Ke7 22. g4 {aiming for g5.} Rc7 23. g5 hxg5 24. hxg5 Nh5 25. Ne4 ({White should try} 25. Bf2 $16) 25... a5 (25... Bf4 $1 $11 {keeps the balance.} 26. Bxf4 Nxf4) 26. Nac3 $16 Rb8 27. Ne2 Ng7 28. Nd4 Bxd4 (28... Nf5 $142 29. Nc6+ Rxc6 30. Rxd7+ Ke8) 29. Bxd4 ({Worse is} 29. Rxd4 Nf5 $11) 29... e5 30. Bc3 (30. Be3 $16) 30... b4 $11 {The position is equal.} 31. axb4 axb4 32. Rxd7+ Rxd7 33. Rxd7+ Kxd7 34. Bxe5 {[%mdl 4160] [#] Endgame Double Attack. KRN-KBN} Rg8 35. Nf6+ Ke6 {Hoping for ...Rd8.} 36. Nxg8 Kxe5 37. Nh6 f5 38. gxf6 Kxf6 39. Kc1 Ke5 {Accuracy: White = 57%, Black = 66%.} 1/2-1/2

[Event "9th RTU Open 2019"]
[Site "Riga"]
[Date "2019.08.05"]
[Round "1.23"]
[White "Sulskis, Sarunas"]
[Black "Bergsson, Stefan"]
[Result "1-0"]
[WhiteElo "2528"]
[BlackElo "2149"]
[Annotator "TA"]
[PlyCount "55"]
[EventDate "2019.08.05"]
[EventType "swiss"]
[EventCountry "LAT"]
[SourceTitle "playchess.com"]
[Source "ChessBase"]
[SourceQuality "1"]

{[%evp 11,55,37,44,33,53,63,42,52,66,45,60,60,66,55,46,35,87,37,150,128,152,156,174,179,174,178,179,174,254,209,308,255,386,400,491,478,780,780,822,807,884,872,2039,2037,6403,6299]} 1. Nf3 c5 2. c4 Nf6 3. Nc3 Nc6 4. d4 cxd4 5. Nxd4 e5 6. Nc2 Bc5 7. g3 {A31: Symmetrical English: 2 Nf3 Nf6 3 d4} (7. e3 d6 8. Bd3 O-O 9. O-O Be6 10. b3 d5 11. cxd5 Nxd5 12. Bb2 Nxc3 13. Bxc3 Rc8 14. Qe2 Qh4 {1-0 (49) Pultinevicius,P (2452)-Kantans,T (2509) Liepaja 2018}) 7... h5 8. Bg2 $146 ({Predecessor:} 8. Be3 Qb6 9. Bxc5 Qxc5 10. Nd5 Ne4 11. e3 Kf8 12. Bd3 Ng5 13. b4 Qd6 14. h4 Ne6 {1-0 (34) Schnabel,A (2153)-Tsiolakidis,A (2365) Helsingor 2008}) 8... h4 9. Be3 {White is slightly better.} Be7 10. Qd2 d6 11. Bg5 Be6 12. Ne3 h3 13. Bf3 Nd4 (13... Rb8 $14) 14. O-O Rc8 (14... Rb8 $14) 15. Bxb7 $16 {Bxf6 is the strong threat.} Rb8 16. Bh1 Ne4 17. Nxe4 {[#] Hoping for Bxe7.} Bxg5 18. Nxg5 Qxg5 19. b3 f5 (19... Qh5 {was called for.} 20. Rae1 O-O) 20. f4 $18 Qf6 (20... Qd8 $142 21. Rad1 O-O) 21. Rad1 {Black must now prevent fxe5.} Qe7 (21... Qd8 $142 22. Bd5 Bxd5) 22. Nd5 Bxd5 23. Bxd5 {White is clearly winning.} ({Weaker is} 23. cxd5 Nb5 $16) 23... Rb6 (23... Rh5 $142 24. e3 Ne6) 24. fxe5 dxe5 25. e3 Ne6 26. Rxf5 Ng5 27. Qa5 Rd6 28. Qb5+ {Accuracy: White = 86%, Black = 20%.} 1-0

[Event "9th RTU Open 2019"]
[Site "Riga"]
[Date "2019.08.05"]
[Round "1.24"]
[White "Poysti, Nathanael"]
[Black "Nevednichy, Vladislav"]
[Result "0-1"]
[WhiteElo "2208"]
[BlackElo "2531"]
[Annotator "TA"]
[PlyCount "68"]
[EventDate "2019.08.05"]
[EventType "swiss"]
[EventCountry "LAT"]
[SourceTitle "playchess.com"]
[Source "ChessBase"]
[SourceQuality "1"]

{[%evp 18,68,12,8,18,18,17,19,22,10,20,0,0,0,8,0,35,0,42,0,0,0,0,0,13,-18,-15,-44,-33,-47,-36,-106,-106,-145,-138,-130,-104,-97,-151,-135,-118,-105,-94,-592,-568,-477,-276,-267,-260,-29990,-29991,-29995,-29996]} 1. c4 g6 2. g3 Bg7 3. Bg2 d6 4. Nc3 e5 5. d3 f5 6. Rb1 Nf6 7. Nf3 O-O 8. O-O h6 9. b4 g5 10. b5 a6 {A21: English Opening: 1...e5 2 Nc3} (10... Kh8 11. Ba3 Nbd7 12. Nd2 a6 13. Qb3 axb5 14. cxb5 Nb6 15. Bb4 Qe8 16. a4 Be6 17. Qc2 Rb8 18. a5 {0-1 (37) Harikrishna,P (2727)-Ponomariov,R (2714) Beijing 2014}) 11. a4 axb5 12. axb5 Nbd7 {The position is equal.} 13. Nd2 Qe8 14. Bb2 Nc5 15. Nb3 Ne6 16. Ra1 $146 ({Predecessor:} 16. Nd5 g4 17. Nxf6+ Bxf6 18. e3 {½-½ (46) Nicholson,M (2476)-Van Tienhoven,R (2416) ICCF email 2014}) 16... Rb8 17. Ra7 g4 18. Nd5 Nxd5 19. Bxd5 c6 20. Bg2 cxb5 21. Ba3 Qd8 22. cxb5 Qb6 23. Ra5 f4 24. Qd2 ({White should play} 24. Ra4 $15) 24... f3 $36 {[%mdl 2048] Black is really pushing.} 25. exf3 gxf3 26. Bh3 Nd4 {Strongly threatening ...Ne2+.} 27. Bxc8 Ne2+ ({But not} 27... Rfxc8 28. Nxd4 Qxd4 29. Qe3 $11) 28. Kh1 Rbxc8 29. Bb4 Qc7 {aiming for ...Qd7.} 30. h3 $2 {[%mdl 8192]} (30. Qa2 $17 {nothing else works.}) 30... Rf5 $19 31. Qe3 Qf7 (31... Qd7 $142 {( -> ...Rh5!)} 32. g4 Rf4) 32. Nd2 {[#]} Nd4 $1 {And now ...Qd7 would win.} 33. Ne4 $2 {[#]} (33. g4 $19 Rf4 34. Ba3) 33... Rh5 $1 {[%mdl 512]} 34. Kh2 {[#]} Rxh3+ $1 {[%mdl 512] Accuracy: White = 34%, Black = 69%.} 0-1

[Event "9th RTU Open 2019"]
[Site "Riga"]
[Date "2019.08.05"]
[Round "1.25"]
[White "Vishnu Prasanna. V"]
[Black "Chibukhchyan, Erik"]
[Result "1-0"]
[WhiteElo "2505"]
[BlackElo "2170"]
[Annotator "TA"]
[PlyCount "49"]
[EventDate "2019.08.05"]
[EventType "swiss"]
[EventCountry "LAT"]
[SourceTitle "playchess.com"]
[Source "ChessBase"]
[SourceQuality "1"]

{[%evp 10,49,49,2,16,27,8,16,36,12,37,39,41,56,56,39,42,16,47,46,63,0,0,0,0,0,31,24,29,33,186,186,178,174,506,325,1759,1747,5609,5606,29996,29997]} 1. d4 Nf6 2. c4 e6 3. Nf3 b6 4. a3 Bb7 5. Nc3 g6 6. d5 exd5 {E12: Queen's Indian: Unusual White 4th moves, 4 a3, 4 Nc3 Bb7 5 a3 and 4 Nc3 Bb7} (6... Bg7 7. e4 O-O 8. Be2 d6 9. Nd4 Re8 10. O-O exd5 11. exd5 Ne4 12. Nxe4 Rxe4 13. Nf3 Nd7 14. Qc2 Nc5 15. Bg5 {0-1 (41) Zhou,W (2588)-Wei,Y (2728) China 2019}) 7. cxd5 Bg7 8. e4 O-O {The position is equal.} 9. Bd3 c6 {[%cal Rc6d5]} 10. d6 c5 11. O-O Nc6 12. Bg5 $146 {And now e5 would win.} ({Predecessor:} 12. h3 Nd4 13. Re1 a6 14. Bg5 h6 15. Bh4 Nxf3+ 16. Qxf3 {1-0 (27) Xu,J (2617)-Zhang,Z (2603) Taiyuan 2004}) 12... h6 13. Bh4 {e5 is the strong threat.} Re8 14. Re1 {Strongly threatening e5.} g5 15. Bg3 (15. Nxg5 $1 $14 hxg5 16. Bxg5) 15... Nh5 $11 16. Bc4 Nxg3 17. fxg3 Bxc3 18. bxc3 Qf6 19. e5 Nxe5 $2 ({Black should play} 19... Qg7 $14) 20. Nxe5 $18 Rxe5 {[#]} 21. Rf1 $1 $36 {[%cal Rf1f6][%mdl 2048] White is on the roll.} Rf5 $2 (21... Qg7) 22. Qd3 Rxf1+ $2 (22... b5) 23. Rxf1 Qg7 24. Rxf7 {[%mdl 64] White threatens Qf5 and mate. Remove Defender} Qxf7 {[#]} 25. Qg6+ $1 {[%mdl 576] Double Attack, Pin. Accuracy: White = 94%, Black = 19%.} 1-0

[Event "9th RTU Open 2019"]
[Site "Riga"]
[Date "2019.08.05"]
[Round "1.26"]
[White "Damen, Jip"]
[Black "Grigorov, Grigor"]
[Result "0-1"]
[WhiteElo "2179"]
[BlackElo "2501"]
[Annotator "RC"]
[PlyCount "74"]
[EventDate "2019.08.05"]
[EventType "swiss"]
[EventCountry "LAT"]
[TimeControl "5400+30"]

1. e4 {[%emt 0:00:00]} e6 {[%emt 0:00:00]} 2. d4 {[%emt 0:00:00]} d5 {[%emt 0:00:04]} 3. Nc3 {[%emt 0:00:11]} Bb4 {[%emt 0:00:07]} 4. exd5 {[%emt 0:00:21]} exd5 {[%emt 0:00:09]} 5. Bd3 {[%emt 0:00:03]} Nc6 {[%emt 0:01:29]} 6. a3 {[%emt 0:00:40]} Bxc3+ {[%emt 0:00:22]} 7. bxc3 {[%emt 0:00:04]} Nge7 {[%emt 0:00:07]} 8. Qf3 {[%emt 0:01:38]} Be6 {[%emt 0:00:17]} 9. Nh3 {[%emt 0:00:49]} Qd7 {[%emt 0:04:39]} 10. Ng5 {[%emt 0:00:50]} Bf5 {[%emt 0:04:23]} 11. O-O {[%emt 0:06:04]} O-O {[%emt 0:06:14]} 12. Re1 {[%emt 0:02:49]} h6 {[%emt 0:01:28]} 13. Bxf5 {[%emt 0:01:03]} Qxf5 {[%emt 0:03:49]} 14. Qxf5 {[%emt 0:00:07]} Nxf5 {[%emt 0:00:06]} 15. Nf3 {[%emt 0:00:14]} g5 {[%emt 0:04:09]} 16. h4 {[%emt 0:01:11]} f6 {[%emt 0:00:30]} 17. Rb1 {[%emt 0:01:50]} Nd6 {[%emt 0:08:20]} 18. Be3 {[%emt 0:09:36]} Rae8 {[%emt 0:05:20]} 19. Nd2 {[%emt 0:03:00]} b6 {[%emt 0:10:41]} 20. hxg5 {[%emt 0:01:14]} hxg5 {[%emt 0:00:11]} 21. f3 {[%emt 0:00:23]} Na5 {[%emt 0:01:01]} 22. Bf2 {[%emt 0:01:17]} Nac4 {[%emt 0:06:00]} 23. Nxc4 {[%emt 0:00:51]} Nxc4 {[%emt 0:00:09]} 24. a4 {[%emt 0:00:21]} Rxe1+ {[%emt 0:00:14]} 25. Rxe1 {[%emt 0:01:15]} Nb2 {[%emt 0:00:21]} 26. Ra1 {[%emt 0:03:02]} a5 {[%emt 0:00:18]} 27. Bg3 {[%emt 0:00:21]} Rf7 {[%emt 0:00:13]} 28. f4 {[%emt 0:12:03]} Kg7 {[%emt 0:08:04]} 29. Kf2 {[%emt 0:08:25]} Kg6 {[%emt 0:00:28]} 30. Kf3 {[%emt 0:06:03]} Nc4 {[%emt 0:02:05]} 31. Rd1 {[%emt 0:01:51]} g4+ {[%emt 0:01:14]} 32. Kf2 {[%emt 0:00:17]} Re7 {[%emt 0:00:15]} 33. Rh1 {[%emt 0:12:22]} Nd2 {[%emt 0:08:39]} 34. Rh4 {[%emt 0:02:13]} f5 {[%emt 0:00:16]} 35. Kg1 {[%emt 0:01:23]} Re3 {[%emt 0:00:16]} 36. Bf2 {[%emt 0:00:29]} Rxc3 {[%emt 0:00:07]} 37. Rh8 {[%emt 0:00:21]} Rxc2 {[%emt 0:00:19]} 0-1

[Event "9th RTU Open 2019"]
[Site "Riga"]
[Date "2019.08.05"]
[Round "1.27"]
[White "Laurusas, Tomas"]
[Black "Rodriguez Garcia, Manuel Fco"]
[Result "1-0"]
[WhiteElo "2511"]
[BlackElo "2174"]
[Annotator "TA"]
[PlyCount "51"]
[EventDate "2019.08.05"]
[EventType "swiss"]
[EventCountry "LAT"]
[SourceTitle "playchess.com"]
[Source "ChessBase"]
[SourceQuality "1"]

{[%evp 13,51,22,40,16,24,28,41,34,28,29,23,0,24,32,41,24,17,0,49,49,63,54,108,91,90,105,102,93,104,104,133,114,227,225,657,652,1165,1164,29989,29990]} 1. d4 d5 2. c4 dxc4 3. e4 Nf6 4. e5 Nd5 5. Bxc4 Nb6 6. Bd3 Nc6 7. Ne2 Bg4 8. Be3 {D20: Queen's Gambit Accepted: 3 e3 and 3 e4} (8. f3 Bh5 9. Be4 e6 10. O-O Bg6 11. Be3 Be7 12. a3 Bxe4 13. fxe4 Bg5 14. Bf2 O-O 15. Qc2 f5 16. exf6 Rxf6 {½-½ (39) Grischuk,A (2782)-Caruana,F (2799) Saint Louis 2017}) 8... e6 9. Nbc3 Be7 10. a3 {White is slightly better.} Qd7 11. Rc1 O-O-O 12. Be4 Kb8 13. O-O f5 14. exf6 gxf6 15. Kh1 $146 ({Predecessor:} 15. Qc2 Na5 {½-½ (24) Berczes,D (2493)-Nyzhnyk,I (2627) Cleveland 2015}) 15... f5 16. Bxc6 $1 Qxc6 17. f3 Nc4 ({Black should play} 17... Bh5 $14) 18. Bf4 $16 {Black must now prevent b3.} e5 19. b3 {[%cal Bb2b3,Bb3c4,Bc4d5][%mdl 32] Hoping for d5.} exf4 20. bxc4 {d5 is the strong threat.} Bh5 21. Qb3 $36 {[%mdl 2048] White is in control.} ({Much worse is} 21. Nxf4 $6 Bf7 $11) 21... Rhg8 {[#]} 22. Nd5 $1 {[%cal Rd5e7]} ({But not} 22. Nxf4 $6 Bf7 $14) 22... Rxd5 (22... Rge8 $16 {was called for.}) 23. cxd5 $18 Qg6 $2 (23... Qb6 24. Qxb6 axb6 25. Nxf4 Bf7) 24. Nxf4 Qg5 {[#] Threatens to win with ...Bd6.} 25. Rxc7 $1 {[%csl Gc7][%cal Rb3b7][%mdl 512]} b6 {[#]} (25... Kxc7 26. Ne6+) 26. Qa4 $1 {[%mdl 512] Accuracy: White = 67%, Black = 34%.} 1-0

[Event "9th RTU Open 2019"]
[Site "Riga"]
[Date "2019.08.05"]
[Round "1.28"]
[White "Kardoeus, David"]
[Black "Salomon, Johan"]
[Result "0-1"]
[WhiteElo "2172"]
[BlackElo "2514"]
[Annotator "TA"]
[PlyCount "58"]
[EventDate "2019.08.05"]
[EventType "swiss"]
[EventCountry "LAT"]
[SourceTitle "playchess.com"]
[Source "ChessBase"]
[SourceQuality "1"]

{[%evp 18,58,33,25,25,22,33,19,22,-7,-5,-7,0,-5,0,-8,-13,-286,-273,-265,21,-114,48,41,39,0,0,0,0,-116,-111,-101,-133,-158,-168,-194,-194,-197,-195,-1454,-1452,-1981,-1959]} 1. e4 c5 2. Nf3 d6 3. d4 cxd4 4. Nxd4 Nf6 5. Nc3 a6 6. Bg5 Nc6 7. Qd2 e6 8. O-O-O Bd7 9. f3 Be7 10. Kb1 Nxd4 {B67: Sicilian: Richter-Rauzer: 7...a6 8 0-0-0 Bd7, lines without 9 f4 Be7} 11. Qxd4 Qc7 (11... b5 12. Bxf6 gxf6 13. Ne2 Rc8 14. Qd2 Qb6 15. Nf4 h5 16. g3 Rc7 17. Bd3 Kd8 18. c3 {½-½ (41) Anand,V (2776)-Carlsen,M (2843) Karlsruhe/Baden-Baden 2018}) 12. Qd2 b5 {The position is equal.} 13. a3 $146 ({Predecessor:} 13. Ne2 Rc8 14. Nd4 h6 15. Be3 g5 16. Bd3 {1-0 (30) Tamarozi,I (1904)-Do Prado,H (1754) Florianopolis 2018}) 13... h6 14. Bf4 {[%cal Rf4d6]} e5 15. Be3 Rb8 16. g4 a5 17. b4 $2 {[%mdl 8192] [#]} (17. Na2 $11 {and White is okay.}) 17... axb4 $19 18. axb4 Bc6 $2 (18... O-O $19 {...Rfc8 is the strong threat.} 19. Kb2 Rfc8) 19. Kb2 (19. h4 $1 $11) 19... Nd7 $2 (19... O-O $17 20. h4 d5) 20. Ra1 $14 O-O 21. h4 (21. Ra7 $5 {[%cal Ra7c7]} Rb7 22. Bxb5 $14) 21... Nb6 22. Bxb6 $1 ({Don't blunder} 22. Nxb5 $2 Bxb5 23. Bxb5 d5 $19) 22... Qxb6 23. Nd5 (23. g5 $1 $11) 23... Bxd5 $1 $17 24. Qxd5 Qf2 25. g5 hxg5 {aiming for ...Rfc8.} 26. hxg5 Bxg5 $40 {[%mdl 128] Hoping for ...Be3. White is in trouble.} 27. Bh3 Be3 {Threatens to win with ...Bd4+.} ({Not} 27... Qxf3 28. Bf5 $15) 28. Bf5 $2 (28. Ra3) 28... Bd4+ $19 {[%mdl 64] [#] Skewer} 29. Kb1 Qxf3 {Accuracy: White = 23%, Black = 50%.} ({Inferior is} 29... Bxa1 30. Bh7+ Kh8 31. Bf5+ Kg8 32. Bh7+ Kh8 33. Bf5+ Kg8 $11) 0-1

[Event "9th RTU Open 2019"]
[Site "Riga"]
[Date "2019.08.05"]
[Round "1.29"]
[White "Lobanov, Sergei"]
[Black "Limanovska, Elizabete"]
[Result "1-0"]
[WhiteElo "2505"]
[BlackElo "2169"]
[Annotator "TA"]
[PlyCount "73"]
[EventDate "2019.08.05"]
[EventType "swiss"]
[EventCountry "LAT"]
[SourceTitle "playchess.com"]
[Source "ChessBase"]
[SourceQuality "1"]

{[%evp 21,73,24,21,6,31,23,0,23,39,29,24,6,81,70,75,58,79,69,74,72,89,77,87,93,126,113,205,188,172,168,172,162,159,163,170,133,147,157,181,147,147,159,125,125,131,100,82,95,364,333,357,356,29997,237]} 1. e4 c5 2. Nf3 d6 3. d4 cxd4 4. Nxd4 Nf6 5. Nc3 a6 6. f3 e5 7. Nb3 Be6 8. Be3 Be7 9. Qd2 O-O 10. O-O-O Nbd7 11. g4 b5 12. Rg1 {B90: Sicilian Najdorf: Unusual White 6th moves, 6 Be3 Ng4 and 6 Be3 e5} (12. g5 Nh5 13. Kb1 Nb6 14. Na5 Rc8 15. a3 g6 16. h4 Ng3 17. Rh2 Nxf1 18. Rxf1 h5 19. Bxb6 Qxb6 20. Nd5 Bxd5 21. exd5 {½-½ (35) Navara,D (2739)-Wojtaszek,R (2722) Prague 2019}) 12... b4 13. Nd5 Bxd5 $1 14. exd5 {And now g5 would win.The position is equal.} a5 {Threatens to win with ...a4.} 15. g5 Nh5 16. Kb1 a4 (16... Rb8 $11 {remains equal.}) 17. Nc1 $16 Qa5 18. Rg4 Nf4 19. Bxf4 exf4 {[#]} 20. h4 $1 Ne5 $146 ({Predecessor:} 20... a3 21. b3 {1-0 (38) Gonzalez Vidal,Y (2456)-Fernandez Cardoso,A (2373) Santa Clara 2003}) 21. Rxf4 Rfb8 22. Be2 Bd8 23. Re4 Qa7 (23... f5 $16 24. Rd4 b3) 24. f4 ({Don't play} 24. Rxb4 $6 Ba5 $16) 24... Nd7 25. Rxb4 Ba5 26. Rxb8+ ({Inferior is} 26. Rxa4 Rxb2+ 27. Kxb2 Qb8+ 28. Nb3 Bxd2 $11) 26... Rxb8 27. c3 Nc5 28. Bf3 a3 29. b4 {Strongly threatening Ka1.} Na4 {White must now prevent ...Qc7.} 30. Nb3 Bb6 {[#]} 31. Re1 $1 {[%cal Bd1e1,Be1e2,Be2e8][%mdl 32]} g6 32. Bg4 Bf2 33. Re2 Bxh4 {Hoping for ...Qg1+.} 34. Nd4 Rb7 $2 {[%mdl 8192]} (34... h5 $16 {was necessary.}) 35. Re8+ $18 Kg7 36. Kc2 Nb6 $2 {[#]} (36... Nb2 $18) 37. Nf5+ $1 {[%mdl 576] Clearance. Accuracy: White = 82%, Black = 45%.} 1-0

[Event "9th RTU Open 2019"]
[Site "Riga"]
[Date "2019.08.05"]
[Round "1.30"]
[White "Machlik, Monika"]
[Black "Stremavicius, Titas"]
[Result "1/2-1/2"]
[WhiteElo "2083"]
[BlackElo "2474"]
[Annotator "TA"]
[PlyCount "184"]
[EventDate "2019.08.05"]
[EventType "swiss"]
[EventCountry "LAT"]
[SourceTitle "playchess.com"]
[Source "ChessBase"]
[SourceQuality "1"]

{[%evp 17,184,-17,0,-37,-41,-40,-35,-41,-22,-37,-22,-45,-45,-45,-45,-49,-17,-17,-17,-17,-17,-28,-25,-31,-31,-31,-33,-31,-31,-31,-31,-36,-33,-37,-38,-69,-26,-41,-28,-32,-29,-35,-26,-37,-15,-24,-18,-24,-20,-31,-23,-20,-16,-17,-16,-19,-10,-22,-7,-2,-2,-4,-6,-7,-6,-6,-6,-6,-6,-10,0,-16,-8,-15,0,-16,-7,-16,-17,-17,0,-17,0,-33,0,-33,0,-8,-9,-8,-10,0,-8,-13,-15,-19,-9,-20,0,-8,-3,-19,-2,-12,-11,-11,-20,-12,-12,-12,-12,-13,0,-4,0,-12,-12,-12,-14,-25,-7,-9,-2,-16,-12,-12,0,-27,-8,-12,0,-3,-4,-4,0,0,0,0,0,0,0,0,0,-2,-4,-4,-4,-4,-4,-4,0,0,0,-16,0,0,0,0,28,0,0,0,0,0,0,0,0,0,0]} 1. d4 d5 2. c4 e6 3. Nc3 Nf6 4. cxd5 exd5 5. Bg5 Nbd7 6. e3 Be7 7. Bd3 c6 8. Qc2 h6 9. Bf4 Nh5 10. Bg3 {D36: Queen's Gambit Declined: Exchange Variation: Main line (5 Bg5 c6 6 Qc2)} (10. g3 {is interesting.} O-O 11. Nf3 Re8 12. O-O-O Nf8 13. Rdg1) (10. Nf3 Nxf4 11. exf4 Nf6 12. O-O O-O 13. Rfe1 c5 14. dxc5 Bxc5 15. Ne5 Be6 16. f5 Bd7 17. Nxd5 Rc8 18. Nxf6+ gxf6 {1-0 (57) Wang,H (2705)-Zhou,W (2646) Zaozhuang 2015}) 10... Nxg3 11. hxg3 Nf6 12. Nf3 {Black is slightly better.} Bd6 13. Nh4 $146 ({Predecessor:} 13. O-O-O Qa5 14. Kb1 Bd7 15. Rc1 {½-½ (62) Kornev,A (2566)-Burmakin,V (2581) Nefteyugansk 2002}) 13... Qe7 14. Nf5 Bxf5 15. Bxf5 g6 16. Bd3 O-O-O 17. O-O-O Kb8 18. Kb1 h5 19. Rc1 Ng4 20. Na4 h4 21. gxh4 Rxh4 22. Rxh4 Qxh4 23. Rf1 Rh8 24. Qe2 f5 25. Nc3 Qg5 26. g3 Qh6 27. Nd1 Qh3 28. Qe1 Nf6 29. a3 Qg2 30. Ka2 Bc7 31. Rg1 Qh2 32. Be2 Qh7 33. Bf3 Qg7 34. Rh1 Re8 35. Qg1 a5 36. Qh2 Bd6 37. Qh6 Qxh6 (37... Qf7 {is more complex.} 38. Nc3 Ne4 39. Bxe4 fxe4 40. Rh2 Qf6) 38. Rxh6 Rg8 39. Kb1 Kc7 40. Kc2 Kd7 41. Kd3 Ke7 42. Nc3 Kf7 43. Rh1 g5 44. Ne2 Kg6 45. Nc3 Rd8 46. Ke2 Ra8 (46... g4 $5 47. Bg2 $8 Rf8 $11) 47. Rc1 Rh8 48. Rh1 Rf8 49. Rg1 Nd7 50. Rc1 Nb6 (50... g4 $5 {[%cal Rg4f3]} 51. Bg2 Rh8 $15) 51. Rc2 Re8 52. Kf1 Nd7 53. g4 fxg4 54. Bxg4 Nf6 55. Bf3 g4 56. Bg2 Kg5 57. Ke2 Nh5 58. Kd3 Rf8 59. Nd1 Ng7 60. Re2 Nf5 61. Re1 Nh4 62. Bh1 Rh8 63. Rg1 Bh2 64. Rf1 Nf5 65. Bg2 Nh4 66. Bh1 Rf8 67. Re1 Rf7 68. Ke2 Re7 69. Kd3 Rh7 70. Ke2 Rh6 71. Kd3 Rh8 72. Ke2 Kf6 73. Kd3 Bc7 74. Rg1 Nf5 75. Bg2 Rh2 76. Bf1 g3 77. fxg3 Nxg3 78. Bg2 Ke6 79. Bf3 Bd6 80. Bg4+ Ke7 81. Bf3 Rh8 82. Nc3 Rf8 83. Bg4 b5 84. Ne2 Ne4 85. Bh5 c5 86. Rg7+ Kd8 87. dxc5 Nxc5+ 88. Kd2 Be5 {The position is equal.} 89. Ra7 Rh8 90. Ra8+ Kc7 91. Rxh8 Bxh8 92. Nc3 Ne4+ {Accuracy: White = 61%, Black = 48%.} 1/2-1/2